000 00724cam a22002413a 4500
001 14678
003 PGUSA
005 20140828083320.0
008 050113s2005||||xxu|||||s|||||000 1 eng d
040 _aPGUSA
_beng
042 _adc
050 4 _aPR
100 1 _aLucas, E. V.
_q(Edward Verrall),
_d1868-1938
245 1 4 _aThe War of the Wenuses
_h[electronic resource] /
_cE. V. Lucas
260 _bProject Gutenberg,
_c2005
506 _aPublic domain in the USA.
516 _aElectronic text
653 _aWells, H. G. (Herbert George), 1866-1946 -- Parodies, imitations, etc.
653 _aScience fiction
830 0 _aProject Gutenberg
_v14678
856 4 0 _uhttp://www.gutenberg.org/ebooks/14678
942 _cEB
999 _c243933
_d243933